000 02123 a2200313 4500
003 OSt
005 20180116192343.0
008 120529t xxu||||| |||| 00| 0 eng d
010 _a 2005034807
020 _a9781568985817 (pbk. : alk. paper)
020 _a1568985819 (pbk. : alk. paper)
040 _c0
082 0 0 _a701.8
100 1 _aLeborg, Christian.
_92529
245 1 0 _aVisual grammar /
_cChristian Leborg.
250 _a1st English ed.
260 _aNew York :
_bPrinceton Architectural Press,
_c2006.
300 _a95 p. :
_bill. (some col.) ;
_c22 cm.
490 0 _aDesign briefs
500 _aOriginally published: Norway : Abstrakt Forlag, 2004.
505 _aPoint-- Line-- Surface-- Volume-- Dimensions-- Format-- Abstract Structures-- Formal Structures -- Gradation-- Radiation-- Informal Structures -- Visual Distribution-- Invisible/Inactive Structures-- Structural Skeleton -- Concrete Objects -- Form-- Size -- Color -- Concrete Structures-- Visible Structures -- Active Structures-- Texture-- Activities -- Frequency/Rhythm-- Mirroring -- Mirroring against a Volume-- Rotation-- Upscaling/Downscaling-- Movement-- Path-- Direction-- Superordinated/Subordinated Movement-- Displacement-- Direction of Displacement-- Activities -- Repetition-- Mirroring -- Mirroring against a Volume-- Rotation-- Movement-- Path-- Superordinated/Subordinated Movement-- Displacement-- Direction of Displacement-- Relations -- Static -- Symmetry/Asymmetry-- Balance-- Groups -- Fine/Coarse-- Diffusion-- Direction-- Position-- Space-- Weight --
650 0 _aVisual perception.
_92530
650 0 _aVisual communication in art.
_92531
856 4 1 _3Table of contents only
_uhttp://www.loc.gov/catdir/toc/ecip064/2005034807.html
856 4 1 _3Publisher description
_uhttp://www.loc.gov/catdir/enhancements/fy0722/2005034807-d.html
856 4 1 _3Contributor biographical information
_uhttp://www.loc.gov/catdir/enhancements/fy0738/2005034807-b.html
942 _aSADA
_cBK
_k701.8 LEB 2006
_2ddc
999 _c352722
_d352722